| Record ID | ia:cu31924002168817 |
| Source | Internet Archive |
| Download MARC XML | https://archive.org/download/cu31924002168817/cu31924002168817_marc.xml |
| Download MARC binary | https://www.archive.org/download/cu31924002168817/cu31924002168817_meta.mrc |
LEADER: 00829cam 2200265 a 4500
001 946416
005 20071221120043.0
008 830628s1907 nyu 000 1 eng d
035 $a(CStRLIN)NYCX83B44266
035 $a(NIC)notisAEA8962
035 $a(OCoLC)1434026
035 $a946416
040 $aNIC$cNIC
100 1 $aLondon, Jack,$d1876-1916.
245 14 $aThe iron heel /$cby Jack London.
260 $aNew York :$bGrosset & Dunlap,$cc1907.
300 $a354 p. ;$c19 cm.
600 10 $aLondon, Jack,$d1876-1916.
903 $aKirtas$d20071221$p31924002168817
905 $a19110101120000.0
948 $ac:PW
950 $lILR$aPS3523.O58$bI7 1907$i08/08/83 N$h06/28/83 C
955 $lILR$c1$h06/28/83 C
995 $aHivolm$d20070102
998 $a08/08/83$tc$s9114$nNIC$wNYCX83B44266$d06/28/83$cPW $bESW$i830808$h830628$lNYCX